000 01184nabaa22002177a 4500
999 _c6323
_d6323
003 OSt
005 20260130201057.0
008 190701b xxu||||| |||| 00| 0 spa d
040 _cPJ
100 _93702
_aSacristán, Estela B.
245 1 0 _aMoneda :
_balgunas clasificaciones /
_cEstela B. Sacristán.
300 _ap. 230-293
500 _aCita: TR LALEY AR/DOC/2588/2025
505 _aSumario: I. La sustancia de la moneda.— II. Una variable pragmática de clasificación.— III. Unidades monetarias en la historia argentina.— IV. Moneda metálica y moneda de papel.— V. Moneda convertible y moneda inconvertible. — VI. Moneda de curso legal. Moneda tolerada. Desmonetización. Moneda de curso forzoso.— VII. Moneda devaluada y moneda depreciada.— VIII. Conclusiones.— IX. Bibliografía.
505 _t¿Te interesa el texto completo? Comunicate al correo: koha@justierradelfuego.gov.ar
650 0 _9211
_aDERECHO ADMINISTRATIVO
650 0 _93550
_aMONEDA
650 0 _96629
_aMONEDA DE CURSO LEGAL
773 0 _02842
_93251
_dBuenos Aires : AbeledoPerrot, 2012-
_oDA121
_tDerecho administrativo. Nº 162 noviembre/diciembre 2025
_z18510590
942 _2udc
_cANA